Cuentos japoneses /

Guardado en:
Autor Principal: Gasol, Anna
Otros Autores: Blanch, Teresa, Moreno, Juan M.; il.
Formato: Libro
Publicado: Buenos Aires : Edebé, 2013
Materias:
Etiquetas: Agregar Etiqueta
Sin Etiquetas, Sea el primero en etiquetar este registro!
LEADER 01437nam a22002775a 4500
001 CEM.cems015550
008 130507s2013##################000#0#####d
005 20220905092150.0
245 1 0 |a Cuentos japoneses /  |c Anna Gasol y Teresa Blanch ; ilustrado Por Juan M. Moreno 
260 |a Buenos Aires :  |b Edebé,  |c 2013 
300 |a 152 p. 
505 0 |a ¿Por qué el mar es salado? -- La leyenda de Urashima Taro -- El Dios de la pobreza -- El gorrión herido -- El agradecimiento de la grulla -- El Anciano de las Flores de Cerezo -- El mono y los cangrejos -- El comprador de un sueño -- Déjalas y vete -- Hikoichi y el tanuki -- Yuki Onna, la mujer de nieve -- La capa mágica del tengu -- Hachizuke y el zorro blanco -- El reyezuelo es el rey de los pájaros -- El tengu azul y el tengu rojo -- Momotaro -- El cortador de bambú -- La aventura de Gombei -- El retrato de la novia -- La lengua del gorrión 
020 |a 9789876890199 
100 1 |a Gasol, Anna 
700 1 |a Blanch, Teresa 
700 1 |a Moreno, Juan M.; il. 
082 0 4 |a 863.6 
653 |a Literatura 
653 |a Literatura española 
653 |a Literatura infantil 
653 |a Cuentos infantiles 
653 |a Colección ciencias de la educación 
653 |a Leyendas 
653 |a Literatura japonesa 
859 |a CEMS  |b BIB. CEMS - Inicial y Primaria  |h 863.6  |i G212  |k IP  |p 5369  |t Ej.1 
859 |a CEMS  |b BIB. CEMS - Ccias. Educacion  |h 863.6  |i G212  |k CE  |p 28965.19  |t Ej.1